| 000 | 00421nam a2200181Ia 4500 | ||
|---|---|---|---|
| 001 | 776 | ||
| 005 | 20260306140543.0 | ||
| 008 | 260306t1972||||xx |||||||||||||| ||spa|| | ||
| 041 | _aESP | ||
| 082 |
_a160 _bV53 1972 |
||
| 100 |
_aVerneaux, Roger _eAUT |
||
| 245 | 0 | _aIntroducción general y lógica | |
| 260 | _c1972 | ||
| 300 |
_a182 páginas : _c21 cm. |
||
| 650 | _aGEN | ||
| 654 | _aCHU | ||
| 942 |
_cLIB _dJUS _fJUS _2ddc _n |
||
| 999 |
_c776 _d776 |
||